PR07-京浜急行電鉄の駅 - Statistics

General Stats
  • This quiz has been taken 2,290 times
  • The average score is 56 of 77
Answer Stats
本線 % Correct
品川
98%
京急蒲田
96%
京急蒲田
96%
泉岳寺
95%
京急川崎
95%
横浜
95%
京急川崎
95%
北品川
92%
青物横丁
89%
金沢文庫
89%
金沢八景
88%
金沢八景
88%
三崎口
88%
京急久里浜
87%
京急鶴見
86%
上大岡
85%
神奈川
84%
横須賀中央
84%
京急東神奈川
83%
浦賀
83%
逗子・葉山
83%
鮫洲
82%
大森海岸
81%
平和島
81%
六郷土手
81%
京急新子安
80%
神奈川新町
79%
天空橋
79%
YRP野比
79%
新馬場
78%
子安
78%
川崎大師
78%
羽田空港第3ターミナル
77%
三浦海岸
77%
羽田空港第1・第2ターミナル
76%
生麦
75%
八丁畷
74%
堀ノ内
73%
堀ノ内
73%
立会川
72%
梅屋敷
72%
雑色
72%
穴守稲荷
70%
小島新田
70%
大森町
69%
花月総持寺
69%
黄金町
68%
糀谷
68%
鶴見市場
67%
日ノ出町
67%
追浜
67%
杉田
66%
戸部
65%
京急田浦
63%
大鳥居
63%
弘明寺
61%
南太田
60%
県立大学
60%
北久里浜
59%
神武寺
58%
井土ヶ谷
57%
京急富岡
57%
能見台
57%
汐入
57%
逸見
56%
安針塚
54%
馬堀海岸
54%
屏風浦
53%
六浦
53%
京急大津
52%
新大津
52%
京急長沢
52%
津久井浜
52%
鈴木町
51%
港町
50%
大師橋
49%
東門前
43%
No matching quizzes found
Score Distribution
Percent of People with Each Score
Percentile by Number Answered
Your Score History
You have not taken this quiz